Hold On - Chord Overstreet (All Lyrics) - Statistics

General Stats
  • This quiz has been taken 348 times
  • The average score is 193 of 238
Answer Stats
Hold On % Correct
I
99%
you
98%
You
98%
a
97%
on
97%
Chorus | Outro Hold
96%
when
96%
still
95%
me
93%
need
93%
The
93%
the
93%
your
93%
and
91%
I'm
91%
want
91%
Can
90%
go
90%
in
89%
back
87%
don't
87%
to
87%
Come
86%
hear
86%
Let
86%
let
86%
my
86%
can't
84%
life
84%
love
84%
take
84%
with
84%
floor
83%
Please
83%
bathroom
82%
be
82%
it
82%
leave
82%
all
81%
gone
81%
imagine
81%
break
80%
hand
80%
Verse 1 Loving
80%
make
80%
through
80%
world
80%
feel
79%
fighting
79%
I'll
79%
alone
78%
screaming
78%
so
78%
swear
78%
Accusing
77%
locked
77%
heartbeat
76%
right
76%
yourself
76%
Lying
75%
of
75%
we're
75%
if
74%
pull
74%
left
72%
lost
72%
made
71%
chaos
70%
demons
70%
I'd
70%
denying
68%
just
67%
that
66%
wanna
65%
baby
64%
know
64%
joy
62%
home
61%
let's
61%
Let's
61%
not
61%
strong
58%
Saying
55%
you're
51%
lay
49%
from
47%
Yeah
47%
as
45%
table
44%
They
44%
took
43%
escape
42%
nightmare
42%
bones
41%
forth
41%
Verse 2 Long
41%
praying
41%
away
40%
beside
40%
chill
39%
Driving
39%
Hiding
38%
highway
37%
isn't
37%
light
37%
pace
37%
endless
36%
fading
36%
shock
36%
silent
35%
Helplessly
31%
No matching quizzes found
Score Distribution
Percent of People with Each Score
Percentile by Number Answered
Your Score History
You have not taken this quiz